000 00954nam0a2200301 4500
001 RU\NLR\bibl\57984
005 20260406144011.0
010 _a5-87671-063-6
_911000
021 _aRU
_b98-45540
_92185
035 _a(NLR Aleph) 000056540
090 _a305899
_c305899
100 _a19991111d1998 |||y0rusy50 ca
101 1 _arus
_ceng
102 _aRU
105 _ay |||||||||
200 1 _aОбещание розы
_e[Роман]
_fБренда Джойс
_g[Пер. с англ. Л. Бочаровой]
210 _aСПб.
_cБиблиополис
_d1998
215 _a335 с.
_d17
225 1 _aСерия "Купидон-каприз"
686 _aШ6(7США)67-440.4
700 1 _4070
_8rus
_7ca
_aДжойс
_bБ.
_f1954-
_gБренда
_3RU\NLR\auth\773985
_9113974
801 0 _aRU
_bNLR
_c19991111
_gPSBO
801 1 _aRU
_bNLR
_c19991111
852 _aNLR
_j99-2/2604
942 _cBOOK
980 _aNB